000 00987nam a2200229Ia 4500
001 L268-21656
003 IT-CnALBA
008 170116s9999||||xx |||||||||||||| ||und||
040 _aIT-CnALBA
_cIT-CnALBA
041 _aITALIANO
100 _aDAL SASSO GILBERTO, SAC.
245 0 _aLETTURE DI RELIGIONE PER LE SCUOLE ELEMENTARI. METODO CICLICO. ORDINE LITURGICO. PER LA PRIMA CLASSE.
250 _a1a ed.
260 _aPADOVA - VC
_bGREGORIANA LIBRERIA EDITRICE
_c1927 [1° Ed.:1927 - Ed.Ling.Originale: 1927]
300 _a31 p.
500 _aPREGHIERE QUOTIDIANE. FEDE CRISTIANA. NEL TEMPO DI NATALE E PASQUA. LEGGE CRISTIANA. GRAZIA. TEMPO DI PENTECOSTE.
501 _aSocietà San Paolo EM - Piazza San Paolo, 14 - 12051 ALBA (CN) (non commercial uses only) ® Copyright 2017
520 _aPREGHIERE QUOTIDIANE. FEDE CRISTIANA. NEL TEMPO DI NATALE E PASQUA. LEGGE CRISTIANA. GRAZIA. TEMPO DI PENTECOSTE.
650 _aCATECHESI
942 _cBK
957 _71
999 _a26398
_bSI
_g Copie: 1
_c280760
_d280760